<?xml version="1.0" encoding="UTF-8"?>
<record
    xmlns:xsi="http://www.w3.org/2001/XMLSchema-instance"
    xsi:schemaLocation="http://www.loc.gov/MARC21/slim http://www.loc.gov/standards/marcxml/schema/MARC21slim.xsd"
    xmlns="http://www.loc.gov/MARC21/slim">

  <leader>01185nam a22002775i 4500</leader>
  <controlfield tag="001">53390</controlfield>
  <controlfield tag="003">ES-MaACL</controlfield>
  <controlfield tag="005">20250718062535.0</controlfield>
  <controlfield tag="007">t|</controlfield>
  <controlfield tag="008">950922e1871    sp           ||||1| spa d</controlfield>
  <datafield tag="080" ind1=" " ind2=" ">
    <subfield code="a">17</subfield>
  </datafield>
  <datafield tag="080" ind1=" " ind2=" ">
    <subfield code="a">165.731</subfield>
  </datafield>
  <datafield tag="100" ind1="1" ind2=" ">
    <subfield code="a">Gonz&#xE1;lez Serrano, U.,</subfield>
    <subfield code="d">1848-1904</subfield>
    <subfield code="9">58968</subfield>
    <subfield code="e">aut</subfield>
  </datafield>
  <datafield tag="245" ind1="1" ind2="0">
    <subfield code="a">Estudio sobre los principios de la moral con relaci&#xF3;n a la doctrina positivista :</subfield>
    <subfield code="b">tesis presentada para el ejercicio de doctor en la Facultad de Filosof&#xED;a y Letras / </subfield>
    <subfield code="c">por Urbano Gonz&#xE1;lez Serrano.</subfield>
  </datafield>
  <datafield tag="260" ind1=" " ind2=" ">
    <subfield code="a">Madrid : </subfield>
    <subfield code="b">[s.n.], </subfield>
    <subfield code="c">1871</subfield>
    <subfield code="f">(Imp. Espa&#xF1;ola)</subfield>
  </datafield>
  <datafield tag="300" ind1=" " ind2=" ">
    <subfield code="a">112, [2] p&#xE1;ginas ; </subfield>
    <subfield code="c">19 cm.</subfield>
  </datafield>
  <datafield tag="502" ind1=" " ind2=" ">
    <subfield code="a">Tesis doctoral</subfield>
  </datafield>
  <datafield tag="530" ind1=" " ind2=" ">
    <subfield code="a">Disponible en formato digital</subfield>
  </datafield>
  <datafield tag="650" ind1=" " ind2="7">
    <subfield code="a">&#xC9;tica</subfield>
    <subfield code="2">embne</subfield>
    <subfield code="9">12577</subfield>
  </datafield>
  <datafield tag="650" ind1=" " ind2="7">
    <subfield code="a">Positivismo</subfield>
    <subfield code="2">embne</subfield>
    <subfield code="9">16324</subfield>
  </datafield>
  <datafield tag="852" ind1=" " ind2=" ">
    <subfield code="a">ES-MaACL</subfield>
    <subfield code="c">SVI</subfield>
    <subfield code="g">Dedicatoria manuscrita del autor a Antonio Aura Boronat</subfield>
    <subfield code="h">Donativo de Antonio Aura Boronat </subfield>
    <subfield code="j">D-4707(2)   </subfield>
  </datafield>
  <datafield tag="856" ind1=" " ind2=" ">
    <subfield code="u">http://ciconia.gobex.es/biblioteca/es/consulta/registro.cmd?id=5735</subfield>
    <subfield code="y">Versi&#xF3;n en l&#xED;nea</subfield>
    <subfield code="z">(Biblioteca Digital del Patrimonio Cultural de Extremadura)</subfield>
  </datafield>
  <datafield tag="942" ind1=" " ind2=" ">
    <subfield code="2">udc</subfield>
    <subfield code="c">MONANT</subfield>
    <subfield code="n">0</subfield>
  </datafield>
  <datafield tag="999" ind1=" " ind2=" ">
    <subfield code="c">53390</subfield>
    <subfield code="d">53390</subfield>
  </datafield>
  <datafield tag="952" ind1=" " ind2=" ">
    <subfield code="0">0</subfield>
    <subfield code="1">0</subfield>
    <subfield code="2">udc</subfield>
    <subfield code="4">0</subfield>
    <subfield code="7">0</subfield>
    <subfield code="8">Colecci&#xF3;n_digital</subfield>
    <subfield code="a">ATENEOM</subfield>
    <subfield code="b">ATENEOM</subfield>
    <subfield code="c">SVI</subfield>
    <subfield code="d">2008-01-17</subfield>
    <subfield code="e">DONACION</subfield>
    <subfield code="l">0</subfield>
    <subfield code="o">D-4707(2)</subfield>
    <subfield code="p">901056100</subfield>
    <subfield code="r">2023-02-23 00:00:00</subfield>
    <subfield code="y">MONANT</subfield>
  </datafield>
</record>
